000 00573nam a22002057a 4500
005 20180723124047.0
010 _aENG-123526
020 _c75.00
_a8185990247
035 _aEN-107058
037 _bDBAD/PUB
082 _a230.6
100 _aGoel, Sita Ram
245 _aDefence of hindu society /
_cby Sita Ram Goel
250 _a3rd edn.Reprint
260 _aNew Delhi
_bVoice of India
_c2014
270 _a2/18, Ansari Road,
_bNew Delhi
_e110002
300 _a118p.
_c22cm.(pbk)
500 _aIt includes index.
942 _2ddc
_cEN
_h230.6
_mGOE
999 _c154442
_d154442